Las raíces románicas del Código Civil

সংরক্ষণ করুন:
গ্রন্থ-পঞ্জীর বিবরন
প্রধান লেখক: Raveau Soules, Rafael (autor)
বিন্যাস: গ্রন্থ
ভাষা:স্প্যানিশ
প্রকাশিত: Santiago Universitaria 1949
বিষয়গুলি:
ট্যাগগুলো: ট্যাগ যুক্ত করুন
কোনো ট্যাগ নেই, প্রথমজন হিসাবে ট্যাগ করুন!

MARC

LEADER 00000cam a2200000 a 4500
001 UCF6450
003 CL-VaPUC
008 130425e19490000CL |||||||||||||||||spa|d
082 0 4 |a 340.54  |b RAV  |2 21 
100 |a Raveau Soules, Rafael  |e autor  |9 568426 
245 1 4 |a Las raíces románicas del Código Civil 
300 |a 47 p 
942 |c BK 
945 |d 20130425 00:00:00  |a dcastane 
260 |a Santiago  |b Universitaria  |c 1949 
650 0 |a Derecho romano  |9 255930 
583 |a last modification  |c 20130425 11:23:00  |k Rodrigo Vera 
999 |c 351637  |d 351635 
952 |0 0  |1 0  |2 ddc  |4 0  |5 1  |6 340_540000000000000_RAV_1949  |7 1  |8 C_LRYV  |9 455852  |a FDOBRV  |b BIBDER  |d 2019-11-22  |i 4966503  |o 340.54 RAV 1949  |p 4966503  |r 2019-11-22  |w 2019-11-22  |y BK_X  |k BRV